10 tokoh sarjana Islam paling berpengaruh

Bibliographic Details
Main Author: Mohd Rumaizuddin Ghazali
Format: Book
Published: Selangor : PTS Islamika , 2009
Subjects:

MARC

LEADER 00000cam a2200000 7i4500
001 0000031438
005 20150401.0
008 120224
020 |a 9675137129 
090 0 0 |a 922.97   |b MOH 
100 1 |a Mohd Rumaizuddin Ghazali 
245 1 0 |a 10 tokoh sarjana Islam paling berpengaruh   |c Mohd Rumaizuddin Ghazali 
260 |a Selangor :   |b PTS Islamika ,   |c 2009 
650 0 |a Scholars, muslim   |x biography 
999 |a 0001140732   |b Book   |c Adult Collection   |e Cawangan Urban Transformation Centre 
999 |a 0001140733   |b Book   |c Adult Collection   |e Perbadanan Perpustakaan Awam Johor 
999 |a 0001140734   |b Book   |c Adult Collection   |e Cawangan Urban Transformation Centre 
999 |a 0001154959   |b Book   |c Adult Collection   |e Cawangan Bandar Tenggara 
999 |a 0001154961   |b Book   |c Adult Collection   |e Cawangan Tangkak 
999 |a 0001154964   |b Book   |c Adult Collection   |e Cawangan Bukit Gambir 
999 |a 0001154965   |b Book   |c Adult Collection   |e Cawangan Pontian 
999 |a 0001154966   |b Book   |c Adult Collection   |e Cawangan Segamat 
999 |a 0001154968   |b Book   |c Adult Collection   |e Cawangan Mersing